| 000 | 00794nam a2200217 a 4500 | ||
|---|---|---|---|
| 001 | BRL_358 | ||
| 005 | 20190320210714.0 | ||
| 008 | 050813s2011----mx-a######---#000-0#spa-# | ||
| 020 | _a9786079556914 | ||
| 041 | _aspa | ||
| 044 | _amx | ||
| 050 | 4 |
_aNK844 _b.S27 2011 |
|
| 245 | 1 | 0 |
_aEl sarape, una tradición centenaria _b1er. Seminario Nacional de Tejedores, Productores e Investigadores del Sarape : memoria _ccoordinación, introducción y notas Martha Turok W. |
| 260 |
_aMéxico _bInstituto Coahuilense de Cultura _cc2011 |
||
| 300 |
_a226 p. _bil. (algunas a color) _c22 cm. |
||
| 500 | _aIncluye imágenes del seminario | ||
| 504 | _aIncluye referencias bibliográficas | ||
| 650 | 1 | 4 |
_aSarapes _vCongresos _zMéxico _918135 |
| 700 | 1 |
_aTurok W., Martha _ecoord. _923648 |
|
| 942 |
_2lcc _cB |
||
| 999 |
_c9171 _d9171 |
||